Discounted cash flow - estimation of the remaining useful life in real estate (Record no. 73095)
[ view plain ]
| 000 -LEADER | |
|---|---|
| fixed length control field | 00897cam a2200217 4500 |
| 001 - CONTROL NUMBER | |
| control field | ABS66941 |
| 008 - FIXED-LENGTH DATA ELEMENTS--GENERAL INFORMATION | |
| fixed length control field | 030722n2003 000 0 eng u |
| 035 ## - SYSTEM CONTROL NUMBER | |
| System control number | (Sirsi) u123091 |
| 100 ## - MAIN ENTRY--PERSONAL NAME | |
| Personal name | Wong, M. |
| 245 ## - TITLE STATEMENT | |
| Title | Discounted cash flow - estimation of the remaining useful life in real estate |
| 260 ## - PUBLICATION, DISTRIBUTION, ETC. | |
| Date of publication, distribution, etc. | 2003 |
| 490 ## - SERIES STATEMENT | |
| Series statement | Surveyors' Times [Hong Kong Institute of Surveyors] |
| Volume/sequential designation | 12(6) June 2003, 8(1) |
| 520 ## - SUMMARY, ETC. | |
| Summary, etc. | Reviews various ways of estimating the remaining useful life of property, such as foreseeable period estimation and terminal period estimation. Suggests reasons for choosing a method of calculation and concludes there is no definite rule for deciding on a technique. |
| 590 ## - LOCAL NOTE (RLIN) | |
| Local note | ABS |
| 650 ## - SUBJECT ADDED ENTRY--TOPICAL TERM | |
| Topical term or geographic name entry element | DISCOUNTED CASH FLOW |
| 650 ## - SUBJECT ADDED ENTRY--TOPICAL TERM | |
| Topical term or geographic name entry element | INCOME APPROACH |
| 650 ## - SUBJECT ADDED ENTRY--TOPICAL TERM | |
| Topical term or geographic name entry element | COST APPROACH |
| 650 ## - SUBJECT ADDED ENTRY--TOPICAL TERM | |
| Topical term or geographic name entry element | ESTIMATION |
| 690 ## - LOCAL SUBJECT ADDED ENTRY--TOPICAL TERM (OCLC, RLIN) | |
| Topical term or geographic name as entry element | PROPERTY-PROPERTY APPRAISAL AND VALUATION |
| 942 ## - ADDED ENTRY ELEMENTS (KOHA) | |
| Suppress in OPAC | 0 |
| Withdrawn status | Lost status | Source of classification or shelving scheme | Damaged status | Not for loan | Home library | Current library | Shelving location | Date acquired | Total Checkouts | Full call number | Barcode | Date last seen | Copy number | Price effective from | Koha item type |
|---|---|---|---|---|---|---|---|---|---|---|---|---|---|---|---|
| Dewey Decimal Classification | London | London | Journal article | 22/07/2003 | ABS66941 | 123091-1001 | 06/08/2019 | 1 | 06/08/2019 | Journal article |